000 00450nam a2200157 i 4500
001 bg
245 0 _aAktualne przepisy w ochronie środowiska :
_bsuplement 1 /
_cAgencja Ochrony Środowiska w Gdańsku.
260 _aGdańsk :
_bAOŚ,
_c1993.
300 _a17 s. ;
_c29 cm.
650 9 _aŚrodowisko człowieka
_xochrona
_xprawo
040 _cBPK
041 _apol
080 _a504:349.6
942 _cKS
008 s pl f |000 0 pol
999 _c29886
_d29886
856 _uhttp://koha.tu.koszalin.pl/cgi-bin/koha/opac-detail.pl?biblionumber=29886
_yKatalog online BPK